000 00656nam a2200181Ia 4500
003 GCL
008 140319s9999 xx 000 0 ara d
040 _aGCL /
_cGCL
082 0 4 _a811.61
_bا ش
100 1 _aالسيد احمد عمارة
245 1 0 _aشعر بنى امية فى الاندلس حتى نهاية القرن الخامس الهجرى : جمع وتوثيق ودراسة /
_cالسيد احمد عمارة
300 _a521 ص
490 _aكتاب
_v0
650 0 4 _aالشعر العربى - تاريخ ونقد
650 0 4 _aالشعر العربى - العصر الاموى
650 0 4 _aالاندلس - ادب
942 _2ddc
_cBK
999 _c42314
_d42314